Music Quiz

Random Music or City Quiz
Score 0/14 Timer 02:00
0 Plays Today
% Correct
New York
92.3%
Los Angeles
86.2%
Detroit
75.2%
Boston
70%
San Francisco
65.7%
Cleveland
62.2%
Seattle
59%
% Correct
Philadelphia (Liberty Town)
55.6%
Austin
39.3%
Washington DC
36.1%
Oklahoma City
35.2%
San Antonio
34.2%
Baton Rouge
31.5%
Tulsa
26.6%
Remove Ads.
Support Sporcle.
Get the best of Sporcle when you Go Orange. This ad-free experience offers more features, more stats, and more fun while also helping to support Sporcle. Thank you for becoming a member.

You're not logged in!

Compare scores with friends on all Sporcle quizzes.
OR
Log In

Show Comments

Extras

Top Quizzes Today


Score Distribution

Your Account Isn't Verified!

In order to create a playlist on Sporcle, you need to verify the email address you used during registration. Go to your Sporcle Settings to finish the process.

Report this User

Report this user for behavior that violates our Community Guidelines.

Details: